00855nam a22002537a 45000010005000000030006000050050017000110080041000280200018000690400029000870500015001160820011001311000022001422450095001642600037002593000043002964900017003395050008003565200133003645210029004975210020005266500026005467000029005724804FISKH20241014153131.0241014b cb ||||| |||| 00| 0 eng d a9780545858243 aFISKHbengcFISKHdFISKH aPZ7.J92947 a813.54 aJules, Jacqueline aZapato Power : Freddie Ramos Makes a Splash /cby Jacqueline Jules : art by Miguel Benitez aNew York :bScholastic ;c2012.  a80 pages : billustrations ;c20 cm .  aZapato Power aK  aFreddie Ramos uses his super powers to give himself courage to learn how to swim and to deal with a new neighbor who is a bully.8 a510 bLexile estimate 8 aK bRaz-Plus  aZapato Powervfiction aBenitez, Miguel eartist